| 000 | 00859nam a2200241Ia 4500 | ||
|---|---|---|---|
| 008 | 191130s2006##################000#0#eng## | ||
| 020 | _a9780521856287 | ||
| 022 | _a2006038542 | ||
| 040 |
_aACL _cACL |
||
| 082 | _a781.7120092 GRI | ||
| 100 | _aGrier, James | ||
| 245 |
_aThe musical world of a medieval monk : Adémar de Chabannes in eleventh-century Aquitaine _cJames Grier |
||
| 250 | _a1st ed | ||
| 260 |
_aCambridge _bCambridge University Press _c2006 |
||
| 300 | _axvi, 367 p. : music ; 24 cm | ||
| 500 | _aIncludes bibliographical references (p. 336-358) and indexes | ||
| 650 | _aAdémar, de Chabannes, 988-1034 - Criticism and interpretation | ||
| 650 | _aBenedictines - France - Aquitaine | ||
| 650 | _aChurch music - France - Aquitaine - 500-1400 | ||
| 990 | _aa20e90e0ac10000c7c44352425960c32 | ||
| 991 | _a339746 | ||
| 999 |
_c59945 _d59945 |
||